Khara saty: ek CBI afsar ke samsaran (Record no. 224221)
[ view plain ]
| 000 -LEADER | |
|---|---|
| fixed length control field | 00719nam a22002057a 4500 |
| 005 - DATE AND TIME OF LATEST TRANSACTION | |
| control field | 20240618133833.0 |
| 008 - FIXED-LENGTH DATA ELEMENTS--GENERAL INFORMATION | |
| fixed length control field | 220727b ||||| |||| 00| 0 eng d |
| 020 ## - INTERNATIONAL STANDARD BOOK NUMBER | |
| International Standard Book Number | 8122004466 |
| 040 ## - CATALOGING SOURCE | |
| Transcribing agency | Aloy |
| 041 ## - LANGUAGE CODE | |
| Language code of text/sound track or separate title | Hin |
| 082 ## - DEWEY DECIMAL CLASSIFICATION NUMBER | |
| Edition number | 23 |
| Classification number | H891.4 |
| Item number | SIMK |
| 100 ## - MAIN ENTRY--PERSONAL NAME | |
| Personal name | Nirmal Kumar Simh: निर्मल कुमार सिंह |
| 100 ## - MAIN ENTRY--PERSONAL NAME | |
| 9 (RLIN) | 171130 |
| 245 ## - TITLE STATEMENT | |
| Title | Khara saty: ek CBI afsar ke samsaran |
| Remainder of title | एक सीबीआई अफसर के संस्मरण |
| 260 ## - PUBLICATION, DISTRIBUTION, ETC. | |
| Place of publication, distribution, etc. | Dilli |
| Name of publisher, distributor, etc. | Konark Publishers |
| Date of publication, distribution, etc. | 1996 |
| 300 ## - PHYSICAL DESCRIPTION | |
| Extent | vii,250p. |
| Other physical details | HB |
| Dimensions | 28x14cm. |
| 365 ## - TRADE PRICE | |
| Source of price type code | Hindi |
| Price amount | 200.00 |
| Currency code | ₹ |
| Unit of pricing | 200.00 |
| 650 ## - SUBJECT ADDED ENTRY--TOPICAL TERM | |
| Topical term or geographic name entry element | Hindi Prose: हिंदी गध्य |
| 9 (RLIN) | 53460 |
| 700 ## - ADDED ENTRY--PERSONAL NAME | |
| Personal name | SIMH (Nirmal Kumar) |
| 9 (RLIN) | 53461 |
| 942 ## - ADDED ENTRY ELEMENTS (KOHA) | |
| Source of classification or shelving scheme | Dewey Decimal Classification |
| Koha item type | George Fernandes Collections |
| Withdrawn status | Lost status | Source of classification or shelving scheme | Damaged status | Not for loan | Collection code | Home library | Current library | Date acquired | Total Checkouts | Full call number | Barcode | Date last seen | Price effective from | Koha item type |
|---|---|---|---|---|---|---|---|---|---|---|---|---|---|---|
| Dewey Decimal Classification | Hindi | St Aloysius Library | St Aloysius Library | 03/24/2013 | H891.4 SIMK | GF02862 | 07/27/2022 | 07/27/2022 | George Fernandes Collections |